| 000 | 00907nam a2200277Ia 4500 | ||
|---|---|---|---|
| 001 | Para_8030 | ||
| 003 | CHAP | ||
| 008 | 220125s1934 xx 000 0 und d | ||
| 010 | _a206959 | ||
| 040 | _cCHAP | ||
| 082 | _aPA-C 595.75 H4 | ||
| 100 | _aBeamer, R. H. | ||
| 245 |
_aSome new species and a new genus of deltocephaloid leaf hoppers (Homoptera, cicadellidae) / _c by R. H. Beamer |
||
| 300 | _a24 p. | ||
| 440 |
_aHemiptera; 12 _9172048 |
||
| 500 | _aSobertiro de: Journal Entomological Society 7 (1) : 1-24, 1934. Encuadernado con otros esritos similares | ||
| 650 |
_aHemÃpteros _x colecciones de escritos Cicadellidae _9173361 |
||
| 710 |
_aJournal Entomological Society 7 (1) _9173372 |
||
| 901 | _aPA-C 595.75 H4 | ||
| 902 | _aA | ||
| 905 | _a0000001934 0000000000 00 | ||
| 910 | _a1934 | ||
| 942 | _cPARA | ||
| 942 |
_cPARA _d1 |
||
| 999 |
_c206959 _d206959 |
||